000 00501nam a22001577a 4500
003 OSt
082 _a631.45
_bNAD/IM
088 _aT256
100 _aNadiya Nesthad
245 _aImpact of fertigation and drip irrigation system layout on performance of chilli (capsicum annum)
260 _aTavanur
_bDepartment of LWRCE
_c2012
500 _aM.Tech Thesis
700 _aKurien E.K (guide)
_947
856 _uhttps://drive.google.com/file/d/0B8K9-c_S7d7WY1JJVDlEaTY3Yms/edit?usp=sharing
942 _cTH
999 _c14087
_d14087